Historical US City Populations Quiz Stats

 Plays Quiz Updated Apr 5, 2016

Score 0/40 Timer 06:00
14 Plays Today
Year City % Correct
1800New York City, New York
99.5%
1850New York City, New York
99.5%
1900New York City, New York
99.5%
1950New York City, New York
99.5%
1950Los Angeles, California
95%
1800Boston, Massachusetts
94.8%
1850Boston, Massachusetts
94.8%
1900Boston, Massachusetts
94.8%
1950Boston, Massachusetts
94.8%
1900Chicago, Illinois
94%
1950Chicago, Illinois
94%
1800Philadelphia, Pennsylvania
92%
1850Philadelphia, Pennsylvania
92%
1900Philadelphia, Pennsylvania
92%
1950Philadelphia, Pennsylvania
92%
1950Washington, DC
83.1%
1950Detroit, Michigan
76.8%
1900San Francisco, California
76.4%
1800Baltimore, Maryland
73.4%
1850Baltimore, Maryland
73.4%
Year City % Correct
1900Baltimore, Maryland
73.4%
1950Baltimore, Maryland
73.4%
1850St. Louis, Missouri
68.4%
1900St. Louis, Missouri
68.4%
1950St. Louis, Missouri
68.4%
1900Cleveland, Ohio
67.9%
1950Cleveland, Ohio
67.9%
1850New Orleans, Louisiana
63.3%
1900Buffalo, New York
53.5%
1800Charleston, South Carolina
49.5%
1850Cincinnati, Ohio
49%
1900Cincinnati, Ohio
49%
1800Providence, Rhode Island
46.8%
1850Albany, New York
45.9%
1850Brooklyn, New York
25.6%
1800Norfolk, Virginia
20.6%
1800Salem, Massachusetts
17.5%
1800Northern Liberties, Pennsylvania
5.9%
1800Southwark, Pennsylvania
4%
1850Spring Garden, Pennsylvania
4%

You're not logged in!

Compare scores with friends on all Sporcle quizzes.
OR
Log In

Sporcle TV

Today on Sporcle TV


Watch our educational content, quiz creation guides, and fun videos on Sporcle TV.

Show Comments

Extras

Top Quizzes Today


Score Distribution

Your Account Isn't Verified!

In order to create a playlist on Sporcle, you need to verify the email address you used during registration. Go to your Sporcle Settings to finish the process.

Report this User

Report this user for behavior that violates our Community Guidelines.

Details: